000 00351nam a22001577a 4500
003 SGT
020 _a 978-0967020822
082 _a800
100 _a Michael J. Herman
245 _aBecoming the Complete Champion
250 _a1ST
260 _aINDIA
_bJAICO PUBLICATION INDIA
300 _a131
650 _aMASS COMMUNICATION
942 _2ddc
_cBK
999 _c12809
_d12809